000 00702nam a2200229Ia 4500
001 16956
003 GE_BSU
008 181216s||||||||xx |||||||||||||| ||und||
040 _cGE_BSU
080 _a821.353.1-32
100 _aაფხაზავა, ნუგზარ
245 _aმსტოვარი
245 _bფანტასტიკური მოთხრობები
245 _cრედ.გ.მოისწრაფიშვილი
260 _aბათუმი
260 _bსაბჭ. აჭარა
260 _c1982
300 _a103გვ. 18სმ.
653 _aმოთხრობები
653 _aმსტოვარი
942 _cBK
999 _c50018
_d50018